[Event "Liverpool Open"]
[Site "?"]
[Date "2007.09.03"]
[Round "2.1"]
[White "Hebden, Mark"]
[Black "Ciuksyte, Dagne"]
[Result "1-0"]
[WhiteElo "2540"]
[BlackElo "2426"]
[PlyCount "107"]
[EventDate "2007.09.05"]
[SourceDate "2007.09.05"]

1. d4 Nf6 2. Nf3 e6 3. c3 b6 4. Bg5 Bb7 5. Nbd2 Be7 6. e3 c5 7. Bd3 cxd4 8.
cxd4 Nc6 9. O-O Nd5 10. Ne4 O-O 11. Rc1 f5 12. Bxe7 Qxe7 13. Nc3 Ncb4 14. Be2
Nf6 15. Ne5 Rac8 16. Qa4 a6 17. a3 Nc6 18. Nxc6 Rxc6 19. Bf3 b5 20. Qa5 Ne4 21.
Bxe4 fxe4 22. Ne2 Rxc1 23. Rxc1 Qf6 24. Nf4 g5 25. Nh3 h6 26. Qb6 Bc6 27. Qc7
Qf5 28. Qg3 Kh7 29. b4 Qd5 30. Qc7 Qb3 31. Kh1 Kg6 32. Qd6 Rf7 33. Qb8 Qxa3 34.
Qg8+ Rg7 35. Qe8+ Kh7 36. Rb1 Qa2 37. Rf1 a5 38. bxa5 b4 39. Qb8 b3 40. Ng1 Bd5
41. Qb4 d6 42. Qc3 Rb7 43. Ra1 b2 44. Rxa2 Bxa2 45. a6 Rb5 46. Qc7+ Kg6 47. h4
b1=Q 48. h5+ Kxh5 49. a7 Bd5 50. Qf7+ Kh4 51. a8=Q Bxa8 52. Qxe6 Qxg1+ 53. Kxg1
Kh5 54. Qe8+ 1-0

[Event "Liverpool Open"]
[Site "?"]
[Date "2007.09.03"]
[Round "2.2"]
[White "McNab, Colin Anderson"]
[Black "Lie, Kjetil A"]
[Result "1/2-1/2"]
[WhiteElo "2416"]
[BlackElo "2536"]
[PlyCount "60"]
[EventDate "2007.09.05"]
[SourceDate "2007.09.05"]

1. Nf3 c5 2. c4 g6 3. g3 Bg7 4. Bg2 Nc6 5. Nc3 d6 6. d3 e5 7. a3 Nge7 8. Rb1 a5
9. Bg5 f6 10. Bd2 Be6 11. O-O O-O 12. Ne1 d5 13. cxd5 Nxd5 14. Qb3 a4 15. Nxa4
Nd4 16. Qd1 Nxe2+ 17. Qxe2 Rxa4 18. f4 Re8 19. fxe5 fxe5 20. Nf3 Bf5 21. Ng5
Nf6 22. Ne4 Nxe4 23. dxe4 Bxe4 24. Bxe4 Qd4+ 25. Qe3 Qxe4 26. Qxc5 Qd4+ 27.
Qxd4 exd4 28. Rbe1 Rxe1 29. Rxe1 Rc4 30. Rc1 Rxc1+ 1/2-1/2

[Event "Liverpool Open"]
[Site "?"]
[Date "2007.09.03"]
[Round "2.3"]
[White "David, Alberto"]
[Black "Palliser, Richard"]
[Result "1-0"]
[WhiteElo "2529"]
[BlackElo "2417"]
[PlyCount "89"]
[EventDate "2007.09.05"]
[SourceDate "2007.09.05"]

1. e4 c5 2. Nf3 d6 3. d4 cxd4 4. Nxd4 Nf6 5. Nc3 a6 6. Be3 e5 7. Nf3 Be7 8. Bc4
O-O 9. O-O Be6 10. Bxe6 fxe6 11. Na4 Nfd7 12. Qd3 b5 13. Nc3 Qc8 14. a4 b4 15.
Nd5 Bd8 16. Nxb4 a5 17. Na2 Be7 18. Qb3 Nf6 19. Ng5 Na6 20. Nc3 Rb8 21. Nb5 d5
22. Ba7 Rb7 23. Qh3 Re8 24. c3 h6 25. Nf3 Nc7 26. Nxc7 Qxc7 27. Qxe6+ Kh8 28.
Be3 Ba3 29. Qf5 Bxb2 30. Rad1 dxe4 31. Nh4 Qc8 32. Rd6 Qxf5 33. Nxf5 Ng4 34.
Bd2 Rf8 35. h3 Rxf5 36. hxg4 Rff7 37. Rb1 Ba3 38. Rxb7 Rxb7 39. Rd5 Rb2 40. Be3
Ra2 41. Rxa5 Bb2 42. Rxe5 Rxa4 43. Bd4 Kg8 44. Re7 Kf8 45. Rb7 1-0

[Event "Liverpool Open"]
[Site "?"]
[Date "2007.09.03"]
[Round "2.4"]
[White "Dgebuadze, Alexandre"]
[Black "Ravi, Lanka"]
[Result "1/2-1/2"]
[WhiteElo "2508"]
[BlackElo "2404"]
[PlyCount "42"]
[EventDate "2007.09.05"]
[SourceDate "2007.09.05"]

1. e4 c6 2. d4 d5 3. Nc3 dxe4 4. Nxe4 Bf5 5. Ng3 Bg6 6. h4 h6 7. Nf3 Nd7 8. h5
Bh7 9. Bd3 Bxd3 10. Qxd3 Ngf6 11. Bd2 e6 12. O-O-O Be7 13. Kb1 c5 14. Ne4 Rc8
15. dxc5 Nxc5 16. Nxf6+ Bxf6 17. Qxd8+ Rxd8 18. Be3 Rc8 19. Bd4 Ke7 20. Rhe1
Rhd8 21. c3 Bxd4 1/2-1/2

[Event "Liverpool Open"]
[Site "?"]
[Date "2007.09.03"]
[Round "2.5"]
[White "Williams, Simon Kim"]
[Black "Williamson, Roger"]
[Result "1-0"]
[WhiteElo "2480"]
[BlackElo "2129"]
[PlyCount "91"]
[EventDate "2007.09.05"]
[SourceDate "2007.09.05"]

1. d4 d5 2. c4 e6 3. Nc3 c5 4. cxd5 exd5 5. e4 dxe4 6. Bc4 cxd4 7. Qb3 Nf6 8.
Bxf7+ Ke7 9. Bf4 Nc6 10. Bc4 Na5 11. Qb4+ Ke8 12. Qb5+ Bd7 13. Qe5+ Be7 14.
Qxd4 Nxc4 15. Qxc4 Rc8 16. Qb3 Qa5 17. Nge2 Qa6 18. O-O Be6 19. Qb5+ Kf7 20.
Qxa6 bxa6 21. Ng3 Rhd8 22. Rfe1 Nd5 23. Be5 e3 24. fxe3 Nb4 25. Rf1+ Kg6 26.
Nge2 Bg5 27. Nf4+ Bxf4 28. exf4 Kf7 29. a3 Nc2 30. Rad1 Bc4 31. Rxd8 Rxd8 32.
Rc1 Bb3 33. Ne4 Rd5 34. Kf2 h6 35. Bc3 Nd4 36. Bxd4 Rxd4 37. Ke3 Rd8 38. Rc7+
Kg8 39. Rxa7 Bc4 40. f5 Rd3+ 41. Kf4 Bb5 42. g4 Rh3 43. g5 Rh4+ 44. Ke5 Bc6 45.
Nc5 hxg5 46. Rxa6 1-0

[Event "Liverpool Open"]
[Site "?"]
[Date "2007.09.03"]
[Round "2.7"]
[White "Sebenik, Matej"]
[Black "Minnican, Alan William"]
[Result "1-0"]
[WhiteElo "2465"]
[BlackElo "2110"]
[PlyCount "61"]
[EventDate "2007.09.05"]
[SourceDate "2007.09.05"]

1. Nf3 c5 2. c4 g6 3. Nc3 Bg7 4. g3 Nc6 5. Bg2 d6 6. O-O e5 7. a3 a5 8. Ne1
Nge7 9. Nc2 O-O 10. Rb1 Rb8 11. b4 axb4 12. axb4 Nd4 13. Ba3 Ne6 14. bxc5 dxc5
15. Na4 Qc7 16. Nb6 Rd8 17. Ne3 Rd6 18. Nxc8 Nxc8 19. Nd5 Qd8 20. Qa4 b5 21.
Rxb5 Rxb5 22. Qxb5 Nd4 23. Qb8 Nxe2+ 24. Kh1 Rd7 25. Bxc5 h5 26. Ra1 Nd6 27.
Qxd8+ Rxd8 28. Bxd6 Rxd6 29. c5 Rd8 30. c6 Kf8 31. c7 1-0

[Event "Liverpool Open"]
[Site "?"]
[Date "2007.09.03"]
[Round "2.8"]
[White "Peacock, Malcolm"]
[Black "Smerdon, David"]
[Result "0-1"]
[WhiteElo "2094"]
[BlackElo "2461"]
[PlyCount "58"]
[EventDate "2007.09.05"]
[SourceDate "2007.09.05"]

1. c4 Nf6 2. g3 g6 3. Bg2 d5 4. cxd5 Nxd5 5. Nc3 Nb6 6. Nf3 Bg7 7. O-O Nc6 8.
d3 Bf5 9. Be3 Qd7 10. Na4 Nxa4 11. Qxa4 Bh3 12. Rac1 O-O 13. Rc4 Rab8 14. Bxh3
Qxh3 15. Qc2 Rfd8 16. b3 Rd5 17. Ng5 Qd7 18. Kg2 Rxg5 19. Bxg5 Qd5+ 20. e4 Qxg5
21. f4 Qa5 22. Rc1 Rd8 23. Rc5 Qa6 24. Rd5 Rxd5 25. exd5 Nd4 26. Qxc7 Qxd3 27.
Qd8+ Bf8 28. Rc8 Qe2+ 29. Kh3 Qf1+ 0-1

[Event "Liverpool Open"]
[Site "?"]
[Date "2007.09.03"]
[Round "2.9"]
[White "Goodger, Martyn"]
[Black "Shaw, John K"]
[Result "1/2-1/2"]
[WhiteElo "2093"]
[BlackElo "2446"]
[PlyCount "68"]
[EventDate "2007.09.05"]
[SourceDate "2007.09.05"]

1. e4 c5 2. Nf3 e6 3. c3 Nf6 4. e5 Nd5 5. d4 cxd4 6. cxd4 d6 7. Bc4 Nc6 8. O-O
Be7 9. a3 O-O 10. Re1 Bd7 11. Bd2 Rc8 12. Nc3 Nxc3 13. Bxc3 Na5 14. exd6 Bxd6
15. Ba2 Bc6 16. d5 exd5 17. Qd4 f6 18. Bxd5+ Kh8 19. Rad1 Bc7 20. Bxc6 Qxd4 21.
Nxd4 Nxc6 22. Nxc6 bxc6 23. Rd7 Rfd8 24. Ree7 Rxd7 25. Rxd7 Rd8 26. Rxd8+ Bxd8
27. Kf1 Kg8 28. Bd4 a6 29. Ke2 Kf7 30. Kd3 Ke6 31. Kc4 Be7 32. Bc5 Bd8 33. Bd4
Be7 34. Bc5 Bd6 1/2-1/2

[Event "Liverpool Open"]
[Site "?"]
[Date "2007.09.03"]
[Round "2.11"]
[White "Glud, Jakob Vang"]
[Black "Cannon, Raymond Charles"]
[Result "1-0"]
[WhiteElo "2435"]
[BlackElo "2050"]
[PlyCount "111"]
[EventDate "2007.09.05"]
[SourceDate "2007.09.05"]

1. d4 Nf6 2. Nf3 c5 3. d5 e6 4. Nc3 exd5 5. Nxd5 Nxd5 6. Qxd5 Be7 7. e4 Nc6 8.
Bc4 O-O 9. c3 d6 10. Qd3 Ne5 11. Nxe5 dxe5 12. Qg3 Bf6 13. Be3 Qe7 14. Bd5 Bh4
15. Bxc5 Qxc5 16. Qxh4 Be6 17. Bxe6 fxe6 18. O-O Rf4 19. Qg3 Raf8 20. Rad1 Rxe4
21. Rd7 Rf7 22. Rxf7 Kxf7 23. Qf3+ Rf4 24. Qxb7+ Kg6 25. g3 Rf5 26. Qe4 Qd5 27.
Re1 Qd2 28. Re2 Qd1+ 29. Kg2 Kf7 30. c4 g6 31. c5 Qd5 32. c6 Qxe4+ 33. Rxe4 Ke7
34. Ra4 Kd6 35. Rxa7 Kxc6 36. Rxh7 e4 37. Rh8 Rd5 38. a3 Kd7 39. Rb8 Kd6 40.
Kf1 e3 41. fxe3 Rc5 42. h4 Rc2 43. Rb4 Ke5 44. a4 Kf5 45. a5 e5 46. g4+ Ke6 47.
Ra4 Rxb2 48. a6 Rb8 49. a7 Ra8 50. Ke2 Kd5 51. h5 gxh5 52. gxh5 Ke6 53. Kf3 Kf7
54. Ke4 Kg7 55. Kxe5 Kh6 56. Kd6 1-0

[Event "Liverpool Open"]
[Site "?"]
[Date "2007.09.03"]
[Round "2.12"]
[White "Littlewood, John Eric"]
[Black "Brown, Martin"]
[Result "0-1"]
[WhiteElo "2230"]
[BlackElo "2038"]
[PlyCount "58"]
[EventDate "2007.09.05"]
[SourceDate "2007.09.05"]

1. e4 e6 2. d3 d5 3. Qe2 Be7 4. Nf3 c5 5. g3 Nc6 6. Bg2 Nf6 7. e5 Nd7 8. O-O
O-O 9. c4 Re8 10. Nc3 d4 11. Nb1 f5 12. exf6 Bxf6 13. Nbd2 e5 14. Ne4 Be7 15.
Nfg5 Bxg5 16. Nxg5 Nf6 17. Bd5+ Nxd5 18. cxd5 Qxd5 19. Qe4 Qxe4 20. Nxe4 b6 21.
f4 Ba6 22. Rd1 Nb4 23. Nf2 Nc2 24. Rb1 Ne3 25. Re1 exf4 26. gxf4 Nc2 27. Rd1
Re1+ 28. Rxe1 Nxe1 29. b4 Nxd3 0-1

[Event "Liverpool Open"]
[Site "?"]
[Date "2007.09.03"]
[Round "2.13"]
[White "Hawkins, Nick"]
[Black "James, David"]
[Result "0-1"]
[WhiteElo "2016"]
[BlackElo "2220"]
[PlyCount "44"]
[EventDate "2007.09.05"]
[SourceDate "2007.09.05"]

1. e4 c5 2. Nf3 d6 3. d4 cxd4 4. Nxd4 Nf6 5. Nc3 a6 6. Be3 e5 7. Nb3 Be7 8. Be2
Be6 9. O-O O-O 10. f4 exf4 11. Rxf4 Nbd7 12. Nd4 Ne5 13. Nf5 Bxf5 14. exf5 Rc8
15. Qd2 Re8 16. Rd1 Qc7 17. Rc1 Qc6 18. Rd4 d5 19. Nxd5 Bc5 20. Nxf6+ Qxf6 21.
c3 Nc6 22. Kh1 Qe5 0-1

[Event "Liverpool Open"]
[Site "?"]
[Date "2007.09.03"]
[Round "2.14"]
[White "Storey, Charles"]
[Black "Almer, Julia"]
[Result "1-0"]
[WhiteElo "2218"]
[BlackElo "1932"]
[PlyCount "115"]
[EventDate "2007.09.05"]
[SourceDate "2007.09.05"]

1. Nf3 d5 2. d4 e6 3. Bf4 f5 4. e3 Nf6 5. Ne5 Bd6 6. Nd2 O-O 7. Bd3 Bd7 8. h3
Be8 9. Qe2 Nbd7 10. f3 Nh5 11. O-O-O c5 12. c3 cxd4 13. cxd4 Qc7+ 14. Kb1 Nxe5
15. dxe5 Bxe5 16. Rc1 Qd6 17. Bxe5 Qxe5 18. f4 Qd6 19. Qf2 Nf6 20. Nf3 a6 21.
Nd4 Bb5 22. Bc2 Ne4 23. Bxe4 fxe4 24. Nxb5 axb5 25. Rc2 b4 26. b3 e5 27. g3 d4
28. Qd2 exf4 29. gxf4 d3 30. Rc4 Rfc8 31. Rhc1 Rxc4 32. Rxc4 Qe7 33. Qxb4 Qxb4
34. Rxb4 Rc8 35. Kb2 Rc2+ 36. Ka3 d2 37. Rd4 Kf7 38. Kb4 Kf6 39. a4 h6 40. a5
Kf5 41. Rd5+ Ke6 42. Rd8 Kf5 43. Ka4 g5 44. fxg5 Kxg5 45. b4 Rc3 46. Rxd2 Rxe3
47. Rd7 Rxh3 48. Rxb7 Rh1 49. Re7 Kf4 50. b5 e3 51. b6 Rb1 52. b7 e2 53. a6 Kf3
54. Rxe2 Kxe2 55. a7 Rxb7 56. a8=Q Rb6 57. Qe4+ Kf1 58. Qf3+ 1-0

[Event "Liverpool Open"]
[Site "?"]
[Date "2007.09.03"]
[Round "2.16"]
[White "Mikkelsen, Nikolaj"]
[Black "Mollison, Jamie"]
[Result "1-0"]
[WhiteElo "2203"]
[BlackElo "1917"]
[PlyCount "73"]
[EventDate "2007.09.05"]
[SourceDate "2007.09.05"]

1. e4 e6 2. d4 d5 3. Nc3 dxe4 4. Nxe4 Nd7 5. Nf3 Ngf6 6. Ng3 c5 7. Be2 cxd4 8.
Nxd4 Be7 9. O-O O-O 10. b3 a6 11. Bb2 Re8 12. c4 Qc7 13. Bf3 Ne5 14. Qc2 Nxf3+
15. Nxf3 h6 16. Be5 Qa5 17. Bc3 Qc7 18. Rfd1 b5 19. Ne4 Nxe4 20. Qxe4 Bb7 21.
Qg4 Bf8 22. Ne5 Rad8 23. a4 bxc4 24. Nxc4 Bd5 25. Ba5 Qb7 26. Bxd8 Rxd8 27. Rd3
Be7 28. Rad1 Bf6 29. Ne3 Qc6 30. Nxd5 Rxd5 31. Rxd5 exd5 32. Qf3 Qc2 33. Qxd5
Bh4 34. g3 Bf6 35. Re1 h5 36. Re8+ Kh7 37. Qxh5# 1-0

[Event "Liverpool Open"]
[Site "?"]
[Date "2007.09.03"]
[Round "2.17"]
[White "Brooke, John"]
[Black "Jowett, Peter"]
[Result "0-1"]
[WhiteElo "1887"]
[BlackElo "2196"]
[PlyCount "134"]
[EventDate "2007.09.05"]
[SourceDate "2007.09.05"]

1. Nc3 g6 2. h4 Bg7 3. h5 e5 4. e4 c6 5. d3 d5 6. Bd2 Be6 7. Qc1 Nd7 8. Be2 Qc7
9. Nh3 h6 10. f4 exf4 11. hxg6 fxg6 12. Nxf4 Bf7 13. O-O d4 14. Nd1 Ngf6 15. c3
dxc3 16. Bxc3 O-O 17. Nf2 g5 18. N4h3 Nh7 19. Bxg7 Kxg7 20. Qc3+ Qe5 21. Ng4
Qxc3 22. bxc3 Be6 23. a4 Nc5 24. Nhf2 Rae8 25. Ne3 Nf6 26. g4 Rd8 27. Nf5+ Bxf5
28. gxf5 Rfe8 29. Rfe1 Rd7 30. Bf1 Rde7 31. Bg2 g4 32. Kh2 Nh5 33. Nxg4 Nxd3
34. Re3 Ne5 35. f6+ Nxf6 36. Nxf6 Kxf6 37. Rf1+ Ke6 38. Bh3+ Kd6 39. Rf6+ Kc7
40. Rxh6 Nc4 41. Re2 Rxe4 42. Rh7+ Kb6 43. Rxe4 Rxe4 44. Bc8 Na5 45. Kg2 Rxa4
46. Kf2 Ra3 47. Rh3 Nc4 48. Ke2 Nd6 49. Be6 Ne4 50. c4 Rxh3 51. Bxh3 Kc5 52.
Be6 Kd4 53. Kd1 Nd6 54. Kc2 Nxc4 55. Kb3 Nb6 56. Kb2 c5 57. Kb3 c4+ 58. Kb2 c3+
59. Kb3 Nc4 60. Bc8 b5 61. Ba6 b4 62. Bb5 a5 63. Bd7 Nd2+ 64. Kc2 b3+ 65. Kd1
b2 66. Bf5 b1=Q+ 67. Bxb1 Nxb1 0-1

[Event "Liverpool Open"]
[Site "?"]
[Date "2007.09.03"]
[Round "2.18"]
[White "Ewart, Brian"]
[Black "Reuben, Stewart"]
[Result "0-1"]
[WhiteElo "1808"]
[BlackElo "2144"]
[PlyCount "74"]
[EventDate "2007.09.05"]
[SourceDate "2007.09.05"]

1. d4 Nf6 2. c4 e6 3. g3 c5 4. Nf3 cxd4 5. Nxd4 Qb6 6. Bg2 Bc5 7. e3 Nc6 8. Nc2
O-O 9. Nc3 Rd8 10. O-O d5 11. Bd2 Be7 12. Qe2 dxc4 13. Na4 Qa6 14. b3 b5 15.
Nb2 cxb3 16. axb3 Qb7 17. Bb4 Nd5 18. Bxe7 Ndxe7 19. Nb4 Nd5 20. Nxc6 Qxc6 21.
Rfc1 Qb6 22. Nd3 Bb7 23. Nc5 Rac8 24. Nxb7 Qxb7 25. b4 Qb6 26. Qb2 Rc4 27. Rxc4
bxc4 28. b5 Rb8 29. Be4 g6 30. Rb1 a6 31. Bxd5 exd5 32. Qe5 axb5 33. Qxd5 c3
34. Qb3 b4 35. Rc1 Qe6 36. Qc2 Qc4 37. Qa4 Rc8 0-1

[Event "Liverpool Open"]
[Site "?"]
[Date "2007.09.03"]
[Round "2.19"]
[White "Armstrong, Malcolm"]
[Black "Owen, Dennis"]
[Result "1/2-1/2"]
[WhiteElo "2126"]
[BlackElo "1784"]
[PlyCount "68"]
[EventDate "2007.09.05"]
[SourceDate "2007.09.05"]

1. d4 d5 2. Nf3 Nf6 3. c4 c6 4. Nc3 dxc4 5. a4 Bf5 6. e3 Bd3 7. Bxd3 cxd3 8.
Qxd3 e6 9. O-O Nbd7 10. e4 Be7 11. Bf4 O-O 12. Rad1 Re8 13. Ne5 Nf8 14. Rfe1
N6d7 15. Qc4 Nxe5 16. Bxe5 Ng6 17. Bg3 Bh4 18. Rd3 Bxg3 19. hxg3 Rc8 20. e5 Rc7
21. Ne4 Ne7 22. Nd6 Rf8 23. Rb3 b6 24. Qe2 Nd5 25. Qg4 f5 26. Qh5 Qd7 27. Rf3
c5 28. Nb5 Rc6 29. dxc5 a6 30. Nc3 Rxc5 31. Rd3 Qc6 32. Nxd5 {(=)} Rxd5 33.
Rxd5 Qxd5 34. Qe2 b5 {(=)} 1/2-1/2

[Event "Liverpool Open"]
[Site "?"]
[Date "2007.09.03"]
[Round "2.22"]
[White "Ak Hirwan, Omar"]
[Black "Miezis, Normunds"]
[Result "0-1"]
[WhiteElo "2344"]
[BlackElo "2524"]
[PlyCount "73"]
[EventDate "2007.09.05"]
[SourceDate "2007.09.05"]

1. e4 c5 2. Nf3 e6 3. d4 cxd4 4. Nxd4 a6 5. Nc3 Qc7 6. a3 b5 7. Bd3 Nc6 8. Be3
Nf6 9. O-O h5 10. h3 Bb7 11. Qe2 h4 12. Nf3 Be7 13. Bg5 Ne5 14. Rfd1 d6 15.
Nxe5 dxe5 16. Na2 Nh5 17. Bxe7 Kxe7 18. Qd2 Nf4 19. Qe3 g5 20. f3 Rhc8 21. Rac1
Qc5 22. Qxc5+ Rxc5 23. Bf1 Rac8 24. c3 f5 25. exf5 exf5 26. Rd2 e4 27. Rcd1
R8c7 28. fxe4 fxe4 29. Nc1 Bd5 30. Ne2 Ke6 31. Nd4+ Ke5 32. Re1 Kf6 33. Nc2 Re7
34. Ne3 Be6 35. Red1 Ke5 36. c4 bxc4 37. Bxc4 {remaining moves illegible} 0-1

[Event "Liverpool Open"]
[Site "?"]
[Date "2007.09.03"]
[Round "2.24"]
[White "Almond, Richard"]
[Black "Lalic, Bogdan"]
[Result "0-1"]
[WhiteElo "2101"]
[BlackElo "2509"]
[PlyCount "60"]
[EventDate "2007.09.05"]
[SourceDate "2007.09.05"]

1. d4 e6 2. c4 c5 3. e3 Nf6 4. Nc3 a6 5. Nf3 d5 6. Be2 dxc4 7. dxc5 Qxd1+ 8.
Nxd1 Bxc5 9. Bxc4 Ke7 10. Nc3 b5 11. Bd3 Bb7 12. Ke2 Nbd7 13. a3 Bd6 14. Bd2
Rhg8 15. Rhd1 g5 16. Na2 g4 17. Ne1 Ne5 18. Bb4 Bxb4 19. Nxb4 a5 20. Na2 Nxd3
21. Kxd3 Bd5 22. Nc3 Bb3 23. Rd2 Rgd8+ 24. Ke2 Rxd2+ 25. Kxd2 Rd8+ 26. Kc1 Ne4
27. Nc2 Bxc2 28. Kxc2 Rd2+ 29. Kb3 a4+ 30. Kb4 Rxb2+ 0-1

[Event "Liverpool Open"]
[Site "?"]
[Date "2007.09.03"]
[Round "2.25"]
[White "Ansell, Simon"]
[Black "Tasker, Michael"]
[Result "1-0"]
[WhiteElo "2405"]
[BlackElo "2070"]
[PlyCount "115"]
[EventDate "2007.09.05"]
[SourceDate "2007.09.05"]

1. e4 c5 2. Nf3 d6 3. Bc4 e6 4. O-O Nc6 5. c3 Nf6 6. d3 d5 7. Bb5 dxe4 8. dxe4
Qxd1 9. Rxd1 Bd7 10. Bd3 Be7 11. Na3 O-O 12. Nc4 Rfd8 13. a4 b6 14. Bf4 Be8 15.
Kf1 h6 16. h4 Kf8 17. Ke2 Rac8 18. Rg1 h5 19. Rgd1 g6 20. e5 Nd5 21. Bh6+ Kg8
22. g3 Rb8 23. Bg5 Kf8 24. Bxe7+ Kxe7 25. Nfd2 f5 26. exf6+ Nxf6 27. Nf3 Ng4
28. Bc2 Bf7 29. Be4 Be8 30. Bc2 Bf7 31. Ng5 Nge5 32. Ne3 Rxd1 33. Rxd1 Rd8 34.
Rxd8 Nxd8 35. f4 Nd7 36. Nc4 Nc6 37. Be4 Nd8 38. Ke3 Nf6 39. Nxf7 Kxf7 40. Ne5+
Kg7 41. Bxg6 Ng4+ 42. Nxg4 Kxg6 43. Ne5+ Kf5 44. Kf3 Nb7 45. Nc4 Nd8 46. Ne3+
Kf6 47. Ke4 Nc6 48. g4 hxg4 49. Nxg4+ Kg7 50. f5 exf5+ 51. Kxf5 Na5 52. Ne5 Kh6
53. Ke6 Kh5 54. Kd5 Nb7 55. Nc6 a6 56. Nb8 b5 57. Nxa6 bxa4 58. Nxc5 1-0

[Event "Liverpool Open"]
[Site "?"]
[Date "2007.09.03"]
[Round "2.26"]
[White "Wilson, Alexandra"]
[Black "Meijers, Viesturs"]
[Result "0-1"]
[WhiteElo "2066"]
[BlackElo "2483"]
[PlyCount "78"]
[EventDate "2007.09.05"]
[SourceDate "2007.09.05"]

1. e4 c5 2. Nf3 e6 3. c3 d5 4. e5 d4 5. Bb5+ Bd7 6. Bxd7+ Qxd7 7. cxd4 cxd4 8.
d3 Ne7 9. O-O Nec6 10. Nbd2 Qd5 11. Re1 Nd7 12. Qe2 Bb4 13. a3 Ba5 14. b4 Bc7
15. Nc4 b5 16. Nd6+ Bxd6 17. exd6 Qxd6 18. Bb2 O-O 19. Qe4 e5 20. Rac1 Rac8 21.
Rc2 f5 22. Qe2 h6 23. Rec1 Kh7 24. h3 Ne7 25. Nd2 Rxc2 26. Rxc2 Kh8 27. Nb3 Qd5
28. Nc5 Ng6 29. Nxd7 Qxd7 30. Rc5 Rc8 31. Qc2 Rxc5 32. Qxc5 Kh7 33. g3 f4 34.
Kg2 Qb7+ 35. f3 fxg3 36. Kxg3 Qf7 37. Bc1 a6 38. Qd6 Qf5 39. h4 Nf4 0-1

[Event "Liverpool Open"]
[Site "?"]
[Date "2007.09.03"]
[Round "2.27"]
[White "Pass, Deborah"]
[Black "Rendle, Thomas"]
[Result "0-1"]
[WhiteElo "2044"]
[BlackElo "2416"]
[PlyCount "28"]
[EventDate "2007.09.05"]
[SourceDate "2007.09.05"]

1. e4 e6 2. b3 d5 3. Bb2 Nf6 4. e5 Nfd7 5. d4 c5 6. Nf3 Nc6 7. c4 cxd4 8. cxd5
Bb4+ 9. Nbd2 exd5 10. e6 fxe6 11. Nxd4 O-O 12. Nxc6 bxc6 13. Qc2 Qg5 14. Rd1
Qf4 0-1

[Event "Liverpool Open"]
[Site "?"]
[Date "2007.09.03"]
[Round "2.28"]
[White "Jameson, David"]
[Black "Rudd, Jack"]
[Result "0-1"]
[WhiteElo "2006"]
[BlackElo "2370"]
[PlyCount "46"]
[EventDate "2007.09.05"]
[SourceDate "2007.09.05"]

1. e4 e5 2. Nf3 Nc6 3. Bb5 a6 4. Ba4 Nf6 5. O-O Be7 6. Re1 b5 7. Bb3 d6 8. c3
O-O 9. h3 Na5 10. Bc2 d5 11. exd5 e4 12. Ng5 Nxd5 13. Nxe4 f5 14. b4 fxe4 15.
bxa5 Bc5 16. Rxe4 Bxf2+ 17. Kh1 Bf5 18. Ba3 c5 19. Re5 Bxc2 20. Qxc2 Bg3 21.
Rf5 Qg5 22. Rxf8+ Rxf8 23. Qd1 Qh5 0-1

[Event "Liverpool Open"]
[Site "?"]
[Date "2007.09.03"]
[Round "2.29"]
[White "Campbell, Ian"]
[Black "Lee, Steven"]
[Result "1/2-1/2"]
[WhiteElo "1996"]
[BlackElo "1592"]
[PlyCount "65"]
[EventDate "2007.09.05"]
[SourceDate "2007.09.05"]

1. d4 Nf6 2. Nf3 d5 3. e3 Bg4 4. Nbd2 e6 5. c4 c6 6. Be2 Be7 7. O-O O-O 8. b3
Nbd7 9. Bb2 Ne4 10. h3 Bh5 11. Ne1 Bxe2 12. Qxe2 f5 13. Nd3 Ndf6 14. Ne5 Bd6
15. Nxe4 Nxe4 16. Qd3 Qh4 17. f4 g5 18. fxg5 Nxg5 19. Rf4 Qg3 20. Kf1 Rf6 21.
Qe2 Bxe5 22. dxe5 Rg6 23. Qf2 Qh2 24. Rh4 Ne4 25. Qg1 Qg3 26. Rf4 dxc4 27. Rd1
c3 28. Bc1 Nd2+ 29. Bxd2 Rd8 30. Rd4 Rxd4 31. exd4 Qd3+ 32. Ke1 cxd2+ 33. Rxd2
1/2-1/2

[Event "Liverpool Open"]
[Site "?"]
[Date "2007.09.03"]
[Round "2.30"]
[White "Brocklebank, Peter"]
[Black "Doran, Chris"]
[Result "1-0"]
[WhiteElo "1810"]
[BlackElo "1576"]
[PlyCount "111"]
[EventDate "2007.09.05"]
[SourceDate "2007.09.05"]

1. e4 e5 2. Nf3 Nc6 3. Bb5 a6 4. Ba4 Nf6 5. O-O b5 6. Bb3 Be7 7. Re1 O-O 8. a4
Bb7 9. d3 d6 10. Nbd2 Na5 11. Ba2 c5 12. Nf1 Nc6 13. Ng3 Kh8 14. Nf5 g6 15. Nh6
Qe8 16. Ng5 Nd8 17. Qf3 Kg7 18. Bd2 Ng8 19. Nxg8 Kxg8 20. Qh3 h5 21. Qe3 Bf6
22. Nf3 Ne6 23. c3 Qe7 24. Bb3 Bg7 25. h4 Bc6 26. g3 f5 27. Ng5 Rf6 28. axb5
Bxb5 29. exf5 gxf5 30. Qf3 Raf8 31. Qxh5 Rh6 32. Bxe6+ Qxe6 33. Nxe6 Rxh5 34.
Nxf8 Bxf8 35. c4 Bc6 36. Rxa6 Bf3 37. Bc3 f4 38. Ra7 Bg7 39. Rxg7+ Kxg7 40. b4
cxb4 41. Bxb4 Rh6 42. Ra1 Kf7 43. Ra7+ Ke6 44. Ra6 Kf5 45. c5 Rh8 46. c6 Rb8
47. c7 Rc8 48. Bxd6 Ke6 49. Bb4+ Kd7 50. Ba5 Bc6 51. Bb6 Bb5 52. Ra3 Bc6 53. d4
Rg8 54. dxe5 fxg3 55. fxg3 Rg4 56. Rd3+ 1-0

[Event "Liverpool Open"]
[Site "?"]
[Date "2007.09.03"]
[Round "2.31"]
[White "Lambert, John"]
[Black "McDonald, Paul"]
[Result "1/2-1/2"]
[WhiteElo "1632"]
[BlackElo "1768"]
[PlyCount "31"]
[EventDate "2007.09.05"]
[SourceDate "2007.09.05"]

1. d4 d5 2. Nf3 Nf6 3. e3 Bf5 4. Bd3 Bxd3 5. Qxd3 c6 6. Nc3 Nbd7 7. e4 dxe4 8.
Nxe4 Nxe4 9. Qxe4 Nf6 10. Qe2 e6 11. O-O Be7 12. Bg5 O-O 13. Rad1 Qc7 14. Rfe1
Rad8 15. h3 h6 16. Bh4 1/2-1/2

[Event "Liverpool Open"]
[Site "?"]
[Date "2007.09.03"]
[Round "2.32"]
[White "Kent, Paul"]
[Black "Potter, Steve"]
[Result "0-1"]
[WhiteElo "1484"]
[BlackElo "1648"]
[PlyCount "48"]
[EventDate "2007.09.05"]
[SourceDate "2007.09.05"]

1. d4 e6 2. c4 b6 3. Nc3 Bb7 4. Nf3 f5 5. Bg5 Nf6 6. e3 Bb4 7. Be2 h6 8. Bxf6
Qxf6 9. O-O Bxc3 10. bxc3 O-O 11. Ne5 d6 12. Bf3 c6 13. Nd3 e5 14. dxe5 dxe5
15. Be2 c5 16. Qb3 Na6 17. Rfd1 Qg5 18. Bf1 f4 19. exf4 exf4 20. Re1 Rf5 21.
Qa4 Raf8 22. Qd7 Bxg2 23. Qe7 Be4+ 24. Qxg5 Rxg5+ 0-1

[Event "Liverpool Open"]
[Site "?"]
[Date "2007.09.03"]
[Round "2.34"]
[White "Berg, Emanuel"]
[Black "Kennaugh, Charles"]
[Result "1-0"]
[WhiteElo "2580"]
[BlackElo "2294"]
[PlyCount "89"]
[EventDate "2007.09.05"]
[SourceDate "2007.09.05"]

1. e4 e5 2. Nf3 Nc6 3. Bb5 f5 4. Nc3 Nf6 5. exf5 Be7 6. O-O e4 7. Ng5 d5 8. d3
Bxf5 9. dxe4 Nxe4 10. Ngxe4 dxe4 11. Qe2 O-O 12. Bxc6 bxc6 13. Nxe4 Qd7 14. Ng3
Bg6 15. Be3 Qe6 16. Qa6 Bf6 17. Rae1 Rfe8 18. b3 c5 19. Qa5 Qb6 20. Qxc5 Qxc5
21. Bxc5 Bxc2 22. Rxe8+ Rxe8 23. Rc1 Bd3 24. Bxa7 Bg5 25. Ra1 Ra8 26. Bd4 c5
27. Bxc5 Bf6 28. Re1 Rxa2 29. h3 Rb2 30. b4 Kf7 31. Ne4 h5 32. Re3 Rb1+ 33. Kh2
Bxe4 34. Rxe4 h4 35. g3 g5 36. g4 Rb3 37. Kg2 Rb2 38. Re3 Rb1 39. Ra3 Be5 40.
Ra7+ Ke6 41. Ra6+ Kd5 42. Be7 Rb2 43. Ra5+ Ke4 44. Bxg5 Bg3 45. Rf5 1-0

[Event "Liverpool Open"]
[Site "?"]
[Date "2007.09.03"]
[Round "2.35"]
[White "Weeks, Manuel William"]
[Black "Chard, Marcus"]
[Result "1-0"]
[WhiteElo "2200"]
[BlackElo "1608"]
[PlyCount "39"]
[EventDate "2007.09.05"]
[SourceDate "2007.09.05"]

1. e4 c5 2. Nf3 d6 3. d4 cxd4 4. Nxd4 a6 5. Nc3 Nf6 6. Bg5 e6 7. f4 Be7 8. Qf3
Nc6 9. O-O-O Nxd4 10. Rxd4 Nd7 11. Bxe7 Qxe7 12. Be2 g5 13. g3 Nc5 14. Rhd1 Bd7
15. Rxd6 Bc6 16. Qe3 Na4 17. Nxa4 Bxa4 18. Qd4 O-O 19. Qxa4 Rfc8 20. e5 1-0